| 000 | | | 04737cac2a2200253#x 450 |
| 001 | | | 954a7ca3-56e4-49ac-8505-6f189c61080a |
| 005 | | | 20181126170134.0 |
| 100 | ## | $a | 20150508l19181918k y0rusy50 ca |
| 101 | 0# | $a | rus |
| 102 | ## | $a | RU |
| 105 | ## | $a | y z ||||| |
| 122 | 2# | $a | d19180402 |
| | $a | d19181109 |
| 200 | 1# | $a | Телеграммы о террористических покушениях и убийствах советских работников и гибели командиров Красной Армии на фронтах |
| | $j | 2 апреля - 9 ноября 1918 |
| 215 | ## | $a | 22 листа |
| 251 | ## | $c | Дело |
| 300 | ## | $a | Машинописные документы |
| 330 | ## | $a | Входит в раздел описи: V. Бюро телеграмм. 5. Контрреволюция и политическое положение на местах |
| 461 | #0 | $1 | 001ad6baeac-e292-4829-90d1-2f4f65796a62 |
| | $1 | 2001 |
| | $a | СОВЕТ НАРОДНЫХ КОМИССАРОВ РСФСР (СНК РСФСР) |
| | $1 | 251 |
| | $c | Фонд |
| | $1 | 852 |
| | $g | Р |
| | $j | 130 |
| 462 | #0 | $1 | 0017a221a17-99d6-4232-84bc-2738cda87272 |
| | $1 | 2001 |
| | $a | 1913-1919 гг. |
| | $v | Д. 647 |
| | $1 | 251 |
| | $c | Опись |
| | $1 | 852 |
| | $j | 2 |
| 801 | #0 | $a | RU |
| | $b | GA_RF |
| 801 | #1 | $a | RU |
| | $b | НПО Опыт |
| | $c | 20150508 |
| | $2 | rusmarc |
| 801 | #2 | $a | RU |
| | $b | ПБ им. Б.Н. Ельцина |
| | $c | 20150709 |
| | $g | RCR |
| | $2 | rusmarc |
| 852 | ## | $a | ГА РФ |
| | $j | 647 |
| 937 | ## | $d | 52052846 |
| | $h | ПБ |
| 035 | ## | $a | RuPRLIB51030831 |
| 605 | ## | $2 | acquisition_Prlib |
| | $3 | DITM\AF\0000003834 |
| | $a | Народ |
| | $l | коллекция |
| 605 | ## | $a | Власть |
| | $l | коллекция |
| | $2 | acquisition_Prlib |
| | $3 | DITM\AF\0000002775 |
| 605 | ## | $a | 1918: становление советской государственности |
| | $l | коллекция |
| | $2 | acquisition_Prlib |
| | $3 | LIBNET\UAF\0000071015 |
| 606 | 1# | $2 | nlr_sh |
| | $3 | RU\NLR\AUTH\661329092 |
| | $a | Гражданская война и военная интервенция в России |
| | $j | Документы и материалы |
| | $z | 1918 - 1920 |
| 606 | 1# | $2 | nlr_sh |
| | $3 | RU\NLR\AUTH\661402587 |
| | $a | Белый террор |
| | $j | Документы и материалы |
| | $y | Россия |
| | $z | 1918 - 1922 |
| 686 | ## | $2 | rubbk |
| | $a | 63.3(2)612ю1 |
| | $v | LBC/M |